[Event "Dulles Cherry Blossom op"]
[Site "Dulles"]
[Date "2021.05.29"]
[Round "4"]
[White "Sriniaiyer, Sudarshan"]
[Black "Thurlow, Ryan"]
[Result "1-0"]
[WhiteElo "2038"]
[BlackElo "2156"]
[PlyCount "59"]
[EventDate "2021.05.27"]
[EventType "swiss"]
[EventRounds "9"]
[EventCountry "USA"]
[SourceTitle "CBM 203 Extra"]
[Source "ChessBase"]
[SourceDate "2021.09.30"]
[SourceVersion "1"]
[SourceVersionDate "2021.09.30"]
[SourceQuality "1"]

1. d4 Nf6 2. c4 e6 3. Nf3 b6 4. g3 Bb7 5. Bg2 Bb4+ 6. Bd2 Bxd2+ 7. Qxd2 d6 8. Nc3 a5 9. 0-0 Nbd7 10. Rfe1 0-0 11. e4 e5 12. d5 Nh5 13. b3 Kh8 14. a3 g6 15. b4 f5 16. Ng5 Ng7 17. exf5 gxf5 18. Ne6 Nxe6 19. dxe6 Bxg2 20. Kxg2 Nb8 21. b5 Qe8 22. Nd5 Ra7 23. Qh6 c6 24. e7 Rf7 25. bxc6 Raxe7 26. Nxe7 Qxe7 27. Rad1 Nxc6 28. Rxd6 Nd8 29. Rxe5 Qxd6 30. Qxd6 1-0

[Event "Dulles Cherry Blossom op"]
[Site "Dulles"]
[Date "2021.05.28"]
[Round "2"]
[White "Peraino, Andrew M"]
[Black "Thurlow, Ryan"]
[Result "0-1"]
[WhiteElo "1943"]
[BlackElo "2156"]
[PlyCount "114"]
[EventDate "2021.05.27"]
[EventType "swiss"]
[EventRounds "9"]
[EventCountry "USA"]
[SourceTitle "CBM 203 Extra"]
[Source "ChessBase"]
[SourceDate "2021.09.30"]
[SourceVersion "1"]
[SourceVersionDate "2021.09.30"]
[SourceQuality "1"]

1. e4 c6 2. d4 d5 3. e5 c5 4. dxc5 Nc6 5. f4 Nh6 6. c3 g6 7. b4 Bg7 8. b5 Nb8 9. Nf3 0-0 10. Be3 f6 11. Nbd2 Qc7 12. Qb3 e6 13. Bd4 fxe5 14. fxe5 Nd7 15. b6 Qd8 16. Bb5 g5 17. g4 Nxg4 18. Bxd7 Bxd7 19. Rg1 Nh6 20. Rxg5 axb6 21. cxb6 Be8 22. Qb4 Nf5 23. a4 Nh4 24. Rg3 Bh5 25. Ng5 Nf5 26. Nxe6 Qh4 27. Bf2 Qxh2 28. Nf1 Qh1 29. Rg1 Qf3 30. Qb2 Rfe8 31. Nxg7 Rxe5+ 32. Ne3 Rxe3+ 33. Kf1 Nxg7 34. c4 Qe2+ 35. Qxe2 Bxe2+ 36. Ke1 Re4 37. cxd5 Rd8 38. Rg3 Rxd5 39. Be3 Rxe3 40. Rxe3 Ba6 41. Rd1 Rxd1+ 42. Kxd1 Kf7 43. Kd2 Nf5 44. Re1 h5 45. Kc3 h4 46. Kb4 Kf6 47. Kc5 Kg5 48. Kd5 Ng3 49. Kd4 h3 50. Re5+ Kg4 51. Ra5 Bf1 52. Ra7 Bg2 53. a5 h2 54. a6 h1Q 55. Ke5 Qb1 56. axb7 Qb5+ 57. Kd6 Qxb6+ 0-1

[Event "Dulles Cherry Blossom op"]
[Site "Dulles"]
[Date "2021.05.28"]
[Round "3"]
[White "Thurlow, Ryan"]
[Black "Bajarani, Ulvi"]
[Result "0-1"]
[WhiteElo "2156"]
[BlackElo "2458"]
[PlyCount "64"]
[EventDate "2021.05.27"]
[EventType "swiss"]
[EventRounds "9"]
[EventCountry "USA"]
[SourceTitle "CBM 203 Extra"]
[Source "ChessBase"]
[SourceDate "2021.09.30"]
[SourceVersion "1"]
[SourceVersionDate "2021.09.30"]
[SourceQuality "1"]

1. e4 e6 2. b3 d5 3. Bb2 dxe4 4. Nc3 Nf6 5. Qe2 Be7 6. 0-0-0 0-0 7. Nxe4 a5 8. a4 Nc6 9. Nf3 Nb4 10. Ne5 Nfd5 11. h4 f6 12. Nc4 e5 13. g4 b5 14. axb5 a4 15. c3 Nf4 16. Qf3 Nbd3+ 17. Kb1 axb3 18. Nxf6+ Bxf6 19. Qxa8 Nxf2 20. Qf3 Nxh1 21. Ne3 Nd3 22. Qxh1 Nf2 23. Bc4+ Kh8 24. Qg1 Nxd1 25. Qxd1 Bxh4 26. Bxb3 Bg5 27. Qh1 Bxe3 28. Bc2 Bh6 29. c4 Bxg4 30. Bxe5 Qxd2 31. Bxg7+ Kxg7 32. Qe4 Qxc2+ 0-1

[Event "Dulles Cherry Blossom op"]
[Site "Dulles"]
[Date "2021.05.27"]
[Round "1"]
[White "Thurlow, Ryan"]
[Black "Nyzhnyk, Illya"]
[Result "0-1"]
[WhiteElo "2156"]
[BlackElo "2679"]
[PlyCount "74"]
[EventDate "2021.05.27"]
[EventType "swiss"]
[EventRounds "9"]
[EventCountry "USA"]
[SourceTitle "CBM 203 Extra"]
[Source "ChessBase"]
[SourceDate "2021.09.30"]
[SourceVersion "1"]
[SourceVersionDate "2021.09.30"]
[SourceQuality "1"]

1. e4 c6 2. d4 d5 3. e5 Bf5 4. h4 h5 5. Bg5 Qb6 6. Bd3 Qxd4 7. Nf3 Qg4 8. Bxf5 Qxf5 9. 0-0 Nd7 10. Re1 e6 11. c4 Bb4 12. Nc3 Ne7 13. cxd5 Nxd5 14. Nxd5 cxd5 15. Qa4 Bc5 16. Rac1 Qg4 17. Qb5 Qb4 18. Qe2 0-0 19. a3 Qa4 20. b4 Bb6 21. Be7 Rfe8 22. Bd6 Qxa3 23. Ng5 g6 24. Ra1 Qg3 25. Nf3 Qf4 26. Kh1 Rac8 27. Rg1 Rc3 28. Qb5 Rxf3 29. gxf3 Qxh4+ 30. Kg2 Qxf2+ 31. Kh1 Qh4+ 32. Kg2 Bxg1 33. Kxg1 Qg3+ 34. Kh1 Qxf3+ 35. Kg1 Rc8 36. Bc5 Nxc5 37. Qxc5 Rxc5 0-1

[Event "Reno Far West op"]
[Site "Reno"]
[Date "2004.04.09"]
[Round "2"]
[White "Fairbairn, Stephen"]
[Black "Thurlow, Ryan"]
[Result "1/2-1/2"]
[WhiteElo "1945"]
[BlackElo "2048"]
[PlyCount "75"]
[EventDate "2004.04.09"]
[EventType "swiss"]
[EventRounds "6"]
[EventCountry "USA"]
[SourceTitle "EXT 2009"]
[Source "ChessBase"]
[SourceDate "2008.11.26"]
[SourceVersion "1"]
[SourceVersionDate "2008.11.26"]
[SourceQuality "1"]

1. Nf3 d5 2. c4 c6 3. b3 Nf6 4. g3 g6 5. Bb2 Bg7 6. Bg2 0-0 7. 0-0 Bg4 8. h3 Bxf3 9. Bxf3 d4 10. d3 Qd7 11. Bg2 Nh5 12. Nd2 f5 13. b4 Na6 14. Qb3 Rae8 15. Rae1 e5 16. a4 Rf7 17. Ba3 Bh6 18. Qb2 Nf6 19. Nb3 Bf8 20. b5 Bxa3 21. Qxa3 Nb8 22. Qb2 Qd6 23. e3 dxe3 24. Rxe3 Rfe7 25. Rfe1 c5 26. Na5 e4 27. dxe4 Nxe4 28. Bxe4 fxe4 29. Qc2 b6 30. Nb3 Nd7 31. Nd2 Nf6 32. Nxe4 Nxe4 33. Rxe4 Rxe4 34. Rxe4 Rxe4 35. Qxe4 Qd1+ 36. Kg2 Qxa4 37. Qe6+ Kg7 38. Qe7+ 1/2-1/2